000
00381nam a2200145Ia 4500
008
090124s9999 xx 000 0 und d
082
_b
302512
245
_a
पँथर
250
_a
1
260
_b
बांदोडकर व.पु./बांदोडकर गो.पु.
_c
1991
300
_a
252
630
_a
पँथर
730
_a
पँथर
942
_c
BOOK
999
_c
192149
_d
192149